[Event "FRA-chT1 1011"]
[Site "France"]
[Date "2010.11.14"]
[Round "3.1"]
[White "Kosten, Anthony C"]
[Black "Leroy, Olivier"]
[Result "1/2-1/2"]
[WhiteElo "2514"]
[BlackElo "2115"]
[PlyCount "48"]
[EventDate "2010.10.17"]
[EventType "team-tourn"]
[EventRounds "11"]
[EventCountry "FRA"]
[SourceTitle "EXT 2012"]
[Source "ChessBase"]
[SourceDate "2011.11.24"]
[SourceVersion "1"]
[SourceVersionDate "2011.11.24"]
[SourceQuality "1"]

1. c4 g6 2. g3 Bg7 3. Bg2 Nf6 4. Nc3 0-0 5. d4 c5 6. d5 d6 7. Nf3 Na6 8. 0-0 Nc7 9. e4 Rb8 10. a4 h6 11. Rb1 Nd7 12. Bd2 a6 13. b4 b5 14. Qe2 cxb4 15. Rxb4 a5 16. Rxb5 Nxb5 17. axb5 Nc5 18. Ne1 Qc7 19. Na2 Bd7 20. Nc2 Nb3 21. Be3 Rfc8 22. Na3 Nc5 23. Nc1 Bc3 24. Na2 Bb4 1/2-1/2

[Event "FRA-ch op-A"]
[Site "Belfort"]
[Date "2010.08.13"]
[Round "4"]
[White "Leroy, Olivier"]
[Black "Boutteville, Cesar"]
[Result "1-0"]
[WhiteElo "2085"]
[BlackElo "2131"]
[PlyCount "105"]
[EventDate "2010.08.09"]
[EventType "swiss"]
[EventRounds "11"]
[EventCountry "FRA"]
[SourceTitle "CBM 138 Extra"]
[Source "ChessBase"]
[SourceDate "2010.10.29"]
[SourceVersion "1"]
[SourceVersionDate "2010.10.29"]
[SourceQuality "1"]

1. e4 e5 2. Nf3 Nc6 3. Bb5 a6 4. Ba4 Nf6 5. 0-0 b5 6. Bb3 Be7 7. Qe2 0-0 8. a4 b4 9. c3 Na5 10. Bc2 b3 11. Bd1 d6 12. d4 Bg4 13. Nbd2 Re8 14. Nxb3 Nxb3 15. Bxb3 exd4 16. cxd4 Bf8 17. Bc2 c5 18. dxc5 dxc5 19. Bg5 Qb6 20. e5 g6 21. a5 Qe6 22. h3 Bxf3 23. Qxf3 Nd7 24. Rfe1 Bg7 25. Ba4 h6 26. Bf6 Rf8 27. Bxg7 Kxg7 28. Bxd7 Qxd7 29. Qf6+ Kh7 30. Rad1 Qc7 31. h4 Rae8 32. h5 Qe7 33. Qxa6 gxh5 34. Rd6 Qg5 35. Qd3+ Kh8 36. Qe4 Rg8 37. Rd5 Re6 38. f4 Qg3 39. f5 Ree8 40. Rxc5 Rg4 41. Qe2 Reg8 42. Rc2 Rh4 43. Qe3 Qh2+ 44. Kf1 Rf4+ 45. Rf2 Qxg2+ 46. Ke2 Qg4+ 47. Kd2 Rd8+ 48. Kc3 Rc4+ 49. Kb3 Rb8+ 50. Ka2 Ra4+ 51. Kb1 Kh7 52. Qa7 Rg8 53. Qc5 1-0

[Event "FRA-ch op-A"]
[Site "Belfort"]
[Date "2010.08.12"]
[Round "3"]
[White "Macon, Arthur"]
[Black "Leroy, Olivier"]
[Result "1/2-1/2"]
[WhiteElo "2003"]
[BlackElo "2085"]
[PlyCount "83"]
[EventDate "2010.08.09"]
[EventType "swiss"]
[EventRounds "11"]
[EventCountry "FRA"]
[SourceTitle "CBM 138 Extra"]
[Source "ChessBase"]
[SourceDate "2010.10.29"]
[SourceVersion "1"]
[SourceVersionDate "2010.10.29"]
[SourceQuality "1"]

1. d4 Nf6 2. c4 g6 3. Nc3 d5 4. cxd5 Nxd5 5. e4 Nxc3 6. bxc3 Bg7 7. Nf3 c5 8. Rb1 0-0 9. Be2 Qa5 10. Rb5 Qxc3+ 11. Bd2 Qa3 12. Rxc5 Nc6 13. Rc3 Qxa2 14. Bc4 Qa5 15. Bxf7+ Rxf7 16. Rxc6 Qd8 17. Rc4 Bg4 18. 0-0 Bxf3 19. gxf3 Bxd4 20. Bh6 e5 21. Qb3 Rc8 22. Rfc1 Rxc4 23. Rxc4 b6 24. Rc2 Bc5 25. Rd2 Qh4 26. Be3 Bxe3 27. Qxe3 Qf6 28. Rd5 Kg7 29. Qd2 h5 30. Qc3 h4 31. h3 Kh7 32. Qc8 a5 33. Qb8 Re7 34. Kg2 Qg5+ 35. Kh2 Qf4+ 36. Kg2 Qg5+ 37. Kh2 Qf6 38. Kg2 Rf7 39. Kg1 Qg5+ 40. Kh2 Qf4+ 41. Kg2 Qf6 42. Kg1 1/2-1/2

[Event "FRA-ch U20"]
[Site "La Roche sur Yon"]
[Date "2008.04.26"]
[Round "8"]
[White "Leroy, Olivier"]
[Black "Bailet, Pierre"]
[Result "0-1"]
[WhiteElo "2028"]
[BlackElo "2250"]
[PlyCount "112"]
[EventDate "2008.04.21"]
[EventType "swiss"]
[EventRounds "9"]
[EventCountry "FRA"]
[SourceTitle "EXT 2010"]
[Source "ChessBase"]
[SourceDate "2010.11.25"]
[SourceVersion "1"]
[SourceVersionDate "2010.11.25"]
[SourceQuality "1"]

1. e4 c5 2. Nf3 Nc6 3. d4 cxd4 4. Nxd4 Nf6 5. Nc3 e5 6. Ndb5 d6 7. Bg5 a6 8. Na3 b5 9. Nd5 Be7 10. Bxf6 Bxf6 11. c3 Bg5 12. Bd3 Ne7 13. Nxe7 Qxe7 14. Nc2 0-0 15. 0-0 Be6 16. a4 bxa4 17. Rxa4 a5 18. Qa1 Qc7 19. Rd1 Bb3 20. Ra3 Rfb8 21. Rxb3 Rxb3 22. Nb4 a4 23. Qa2 Rb8 24. Na6 Qb6 25. Nb4 Be3 26. Bc4 Bxf2+ 27. Kh1 Bc5 28. Bxb3 axb3 29. Qxb3 Bxb4 30. cxb4 Qxb4 31. Qd5 g6 32. Rf1 Rb7 33. h4 Qb5 34. Qd1 Qc4 35. Re1 Qc5 36. Qd2 h5 37. Kh2 Qb4 38. Qd1 Kg7 39. Re2 Qd4 40. Qxd4 exd4 41. Rd2 Rb4 42. Kg3 Kf6 43. Kf4 Ke6 44. b3 d5 45. g3 dxe4 46. Kxe4 d3+ 47. Kxd3 Rxb3+ 48. Ke4 Rxg3 49. Rh2 Ra3 50. Kf4 Kf6 51. Rh1 Ra4+ 52. Kg3 Rg4+ 53. Kf3 Kf5 54. Rh2 Ra4 55. Ke3 Ra3+ 56. Kd4 Rf3 0-1

[Event "FRA-ch U20"]
[Site "La Roche sur Yon"]
[Date "2008.04.22"]
[Round "4"]
[White "Brethes, Francois"]
[Black "Leroy, Olivier"]
[Result "1/2-1/2"]
[WhiteElo "2198"]
[BlackElo "2028"]
[PlyCount "85"]
[EventDate "2008.04.21"]
[EventType "swiss"]
[EventRounds "9"]
[EventCountry "FRA"]
[SourceTitle "EXT 2010"]
[Source "ChessBase"]
[SourceDate "2010.11.25"]
[SourceVersion "1"]
[SourceVersionDate "2010.11.25"]
[SourceQuality "1"]

1. d4 Nf6 2. Nf3 g6 3. c3 Bg7 4. Bg5 c5 5. dxc5 Qc7 6. Nbd2 Qxc5 7. e4 d6 8. Be2 0-0 9. 0-0 Be6 10. Be3 Qc7 11. Nd4 Bd7 12. f4 a6 13. f5 Nc6 14. Qe1 d5 15. fxg6 hxg6 16. e5 Nxe5 17. Bf4 Ne4 18. Nxe4 dxe4 19. Qg3 Qc5 20. b4 Qd5 21. Rad1 Nd3 22. Bxd3 exd3 23. Be3 Rac8 24. Rxd3 Bb5 25. Nf5 Qe5 26. Qxe5 Bxe5 27. Nxe7+ Kg7 28. Rd5 Bxh2+ 29. Kxh2 Bxf1 30. Nxc8 Rxc8 31. Rd7 Bc4 32. Bd4+ Kh6 33. a3 b5 34. Ra7 Rc6 35. Kg3 Kg5 36. Re7 Be6 37. Re8 Kf5 38. Rh8 Ke4 39. Rh4+ Kd3 40. Rh1 Kc2 41. Kf4 Bc4 42. g3 Re6 43. Ra1 1/2-1/2

[Event "FRA-ch U18"]
[Site "Le Grand Bornand"]
[Date "2007.04.09"]
[Round "3"]
[White "Genzling, Alain"]
[Black "Leroy, Olivier"]
[Result "1-0"]
[WhiteElo "2199"]
[BlackElo "2023"]
[PlyCount "55"]
[EventDate "2007.04.07"]
[EventType "swiss"]
[EventRounds "9"]
[EventCountry "FRA"]
[SourceTitle "CBM 118 Extra"]
[Source "ChessBase"]
[SourceDate "2007.07.04"]
[SourceVersion "1"]
[SourceVersionDate "2007.07.04"]
[SourceQuality "1"]

1. e4 c5 2. Nf3 d6 3. d4 cxd4 4. Nxd4 Nf6 5. Nc3 g6 6. f4 Nc6 7. Nb3 Bg7 8. Be3 0-0 9. Be2 Be6 10. g4 Na5 11. Bd4 Bc4 12. g5 Bxe2 13. Qxe2 Nxb3 14. axb3 Nh5 15. Bxg7 Kxg7 16. f5 Re8 17. 0-0-0 Qa5 18. Kb1 Kg8 19. Rhf1 Rac8 20. Rd5 Rc5 21. Qf3 Rf8 22. Rxc5 dxc5 23. Nd5 Qd8 24. Rd1 Qe8 25. Nf4 Ng7 26. Qd3 Qc6 27. Nd5 Qd6 28. f6 1-0

[Event "FRA-ch opA U18"]
[Site "Calvi"]
[Date "2005.04.??"]
[Round "5"]
[White "Leroy, Olivier"]
[Black "Nakache, Elie"]
[Result "1-0"]
[WhiteElo "1980"]
[BlackElo "1740"]
[PlyCount "67"]
[EventDate "2005.04.??"]
[EventType "swiss"]
[EventRounds "9"]
[EventCountry "FRA"]
[SourceTitle "EXT 2006"]
[Source "ChessBase"]
[SourceDate "2005.11.24"]
[SourceVersion "1"]
[SourceVersionDate "2005.11.24"]
[SourceQuality "1"]

1. e4 e5 2. Nc3 Nf6 3. Bc4 Bc5 4. d3 Nc6 5. Be3 Bb6 6. h3 d6 7. Qd2 Be6 8. Bb3 Qd7 9. Nge2 d5 10. exd5 Nxd5 11. Nxd5 Bxd5 12. Bxd5 Qxd5 13. 0-0 0-0-0 14. Bxb6 cxb6 15. Nc3 Qd7 16. Qe3 f6 17. a4 Rhe8 18. Rfb1 Nd4 19. Nb5 Kb8 20. Nxd4 Qxd4 21. Qg3 Re7 22. a5 bxa5 23. Rxa5 Qb4 24. Ra3 Qd2 25. Rba1 Qxc2 26. Rxa7 Rxd3 27. Qg4 Rd1+ 28. Rxd1 Kxa7 29. Ra1+ Kb8 30. Qb4 Qc7 31. Qa3 Kc8 32. Qd3 Qb6 33. Ra8+ Kc7 34. Qd8+ 1-0

[Event "FRA-ch opA U18"]
[Site "Calvi"]
[Date "2005.04.??"]
[Round "3"]
[White "Leroy, Olivier"]
[Black "Vidal, Hugo"]
[Result "1-0"]
[WhiteElo "1980"]
[BlackElo "1650"]
[PlyCount "129"]
[EventDate "2005.04.??"]
[EventType "swiss"]
[EventRounds "9"]
[EventCountry "FRA"]
[SourceTitle "EXT 2006"]
[Source "ChessBase"]
[SourceDate "2005.11.24"]
[SourceVersion "1"]
[SourceVersionDate "2005.11.24"]
[SourceQuality "1"]

1. e4 e6 2. d4 d5 3. exd5 exd5 4. Bd3 Bd6 5. Be3 Ne7 6. c3 c6 7. Nf3 Bf5 8. Qc2 Bxd3 9. Qxd3 Nd7 10. Nbd2 Qc7 11. h3 h6 12. c4 dxc4 13. Nxc4 Bb4+ 14. Bd2 Bxd2+ 15. Ncxd2 Nd5 16. Qe4+ Ne7 17. 0-0 Nf6 18. Qe5 Qxe5 19. dxe5 Nfd5 20. Ne4 0-0 21. Nd4 Ng6 22. Nd6 Nxe5 23. Nxb7 Rab8 24. Na5 Rxb2 25. Naxc6 Nxc6 26. Nxc6 Rb7 27. Rfd1 Ne7 28. Rab1 Rc7 29. Nd4 Ng6 30. Nb5 Re7 31. Rd6 Ra8 32. Ra6 Rb7 33. a4 Rb6 34. Rxb6 axb6 35. Nc3 Ra6 36. Rb4 Ne5 37. Kf1 Kf8 38. Ke2 Ke7 39. Nd5+ Kd6 40. Nxb6 Kc6 41. Nc4 Kc5 42. Rb5+ Kxc4 43. Rxe5 Rxa4 44. Re7 Ra2+ 45. Kf3 Ra3+ 46. Kg4 f5+ 47. Kxf5 Ra2 48. Re4+ Kd5 49. Rf4 Ra7 50. Kg6 Ke5 51. Rf7 Rxf7 52. Kxf7 g5 53. Kg6 Kf4 54. Kxh6 g4 55. hxg4 Kxg4 56. f3+ Kf4 57. Kh5 Kf5 58. g4+ Kf6 59. Kh6 Kf7 60. Kg5 Kg7 61. f4 Kh7 62. Kf6 Kg8 63. Kg6 Kh8 64. Kf7 Kh7 65. g5 1-0